| 000 | 00583nam a2200157 a 4500 | ||
|---|---|---|---|
| 001 | 000026798 | ||
| 005 | 20200930030422.0 | ||
| 008 | 110325s1986 dr 000 0 spa d | ||
| 040 |
_aDO-SdBNP _bspa _cBNPHU |
||
| 082 |
_axxx _bR426g |
||
| 110 | 1 |
_aRepública Dominicana _bSecretaría de Estado de Industria y Comercio _936704 |
|
| 245 | 1 | 0 | _aGuía informativa para solicitantes incentivos Ley No. 409 de fomento, incentivo y protección agroindustrial. |
| 260 |
_aSanto Domingo : _bSecretaría de Estado de Industria y Comercio, _c1986. |
||
| 300 |
_a105 p. ; _c24 cm. |
||
| 049 | _aBNPD | ||
| 999 |
_c26290 _d26290 |
||